01070cam a22002775a 45000010009000000050017000090080041000260200018000670400028000850820020001131000021001332450147001542600031003013000034003324900026003665000024003926500030004166500037004466500033004836510010005166530024005266500059005509420008006099990017006179520158006341826773420201128023855.0140814t2015 njua fr 001 0 eng d a9781118908716 aDLCbengcDLCdEG-ScBUE04a338.83222bPIG1 aPignataro, Paul.10aMergers, acquisitions, divestitures, and other restructurings :ba practical guide to investment banking and private equity /cPaul Pignataro. aHoboken :bWiley,cc.2015. axiv, 352 p. :bill. ;c24 cm.0 aWiley finance series. aIndex : p. 341-352. 0aLeveraged buyouts.2BUEsh 7aInvestment banking.2BUEsh91908 7aPrivate equity.2BUEsh94336 2BUEsh bBUSADMcOctober2016 7936487aConsolidation and merger of corporations2BUEsh 2ddc c22594d22566 00102ddc40708AcademicaMAINbMAINc1STd2016-10-16ePurchaseg714.00h9154l1m37o338.83 PIGp000034094r2025-07-15 00:00:00s2023-09-25v892.00yBB